Marek Kudzbel: Baťa - hospodársky zázrak, Bratislava Marada Capitals Services, 2001
Recenzia na knižku M. Kudzbela: Baťa - hospodársky zázrak. Metódy organizácie a riadenia podniku. Kniha je určená predovšetkým manažérom. Baťova sústava riadenia, podnikateľská filozofia a bohaté skúsenosti z modernej organizácie majú čo povedať aj dnešnému manažmentu.
Na minha lista:
| Autor principal: | |
|---|---|
| Outros Autores: | |
| Formato: | Capítulo de Livro |
| Idioma: | eslovaco |
| Assuntos: | |
| Tags: |
Sem tags, seja o primeiro a adicionar uma tag!
|
MARC
| LEADER | 00000naa a2200000 4500 | ||
|---|---|---|---|
| 001 | r043650 | ||
| 005 | 20231002073928.9 | ||
| 041 | 0 | |a slo | |
| 044 | |a SK | ||
| 245 | 1 | 0 | |a Marek Kudzbel: Baťa - hospodársky zázrak, Bratislava Marada Capitals Services, 2001 |c Zdenko Laučík, Michal Janok, Marek Kudzbel |
| 520 | |a Recenzia na knižku M. Kudzbela: Baťa - hospodársky zázrak. Metódy organizácie a riadenia podniku. Kniha je určená predovšetkým manažérom. Baťova sústava riadenia, podnikateľská filozofia a bohaté skúsenosti z modernej organizácie majú čo povedať aj dnešnému manažmentu. | ||
| 610 | 2 | 0 | |a recenzie |
| 610 | 2 | 0 | |a organizácia |
| 610 | 2 | 0 | |a riadenie |
| 610 | 2 | 0 | |a podnikanie |
| 610 | 2 | 0 | |a manažéri |
| 610 | 2 | 0 | |a manažment |
| 610 | 2 | 0 | |a firmy |
| 100 | 1 | |a Laučík, Zdenko | |
| 700 | 1 | |a Janok, Michal | |